000
00257nam a22001097a 4500
008
170110b xxu||||| |||| 00| 0 eng d
020
_a
9781933107332
041
_a
eng
080
_2
6TH
_a
618.2
245
_a
FUNDAMENTALS OF NURSING
_c
PLATT, D
942
_2
udc
_c
BK
999
_c
2643
_d
2643